Délmagyarország. - 2001. február 10., Szombat

Elmentve itt :
Bibliográfiai részletek
Dokumentumtípus: Újság
Megjelent: 2001-02-10
Sorozat:Délmagyarország 91 No. 35
Online Access:http://dmarchiv.bibl.u-szeged.hu/27484
LEADER 00489nas a2200145 i 4500
001 delm27484
005 20200415084740.0
008 171218s2001 hu n o 0|| hun d
022 |a 0133-025X 
040 |a SZTE Délmagyarország Archívum  |b hun 
041 |a hun 
245 0 0 |a Délmagyarország. - 2001. február 10., Szombat  |h [elektronikus dokumentum] 
260 |c 2001-02-10 
490 0 |a Délmagyarország  |v 91 No. 35 
856 4 0 |u http://dmarchiv.bibl.u-szeged.hu/27484/1/dm_2001_035.pdf  |z Dokumentum-elérés